[Event "Leon"]
[Site "Leon"]
[Date "1994.??.??"]
[Round "2"]
[White "Beliavsky, Alexander G"]
[Black "Gomez Esteban, Juan Mario"]
[Result "1-0"]
[WhiteElo "2650"]
[BlackElo "2485"]
[Annotator "Ftacnik,L"]
[PlyCount "73"]
[EventDate "1994.05.??"]
[EventType "tourn"]
[EventRounds "9"]
[EventCountry "ESP"]
[EventCategory "12"]
[SourceTitle "CBM 042"]
[Source "ChessBase"]
[SourceDate "1994.10.01"]
[SourceVersion "1"]
[SourceVersionDate "1994.10.01"]
[SourceQuality "1"]

1. d4 Nf6 2. c4 e6 3. Nc3 d5 4. Bg5 Be7 5. e3 O-O 6. Nf3 h6 7. Bh4 b6 8. Be2
Bb7 9. Bxf6 Bxf6 10. cxd5 exd5 11. b4 c6 12. O-O Re8 13. Rc1 Nd7 14. Qb3 a5 $5
(14... b5 15. a4 a6) 15. b5 c5 16. Nxd5 Bxd4 $1 17. Bc4 (17. exd4 Rxe2 $15)
17... a4 18. Qc2 Nf6 (18... Ne5 19. Nxe5 Bxe5 20. Rfd1 Qd6 21. g3 a3 22. Rd2
Rad8 23. Rcd1 $14) 19. exd4 Bxd5 20. dxc5 (20. Bxd5 Qxd5 21. dxc5 Qxc5 22. Qxc5
bxc5 23. Rxc5 Re2 24. Rb1 Rxa2 25. b6 Rb8 26. Kf1 Nd7 27. Rcb5 a3 28. Nd4 Rb2
29. R1xb2 axb2 30. b7 Nc5 31. Rxb2 Rxb7 $10) 20... Bxf3 21. gxf3 Re5 22. cxb6 (
22. c6 Qc7 23. f4 Re4 $13) 22... Qxb6 23. Rfe1 Rg5+ 24. Kh1 Qb7 25. Re3 Ng4 26.
Re4 Nf6 27. Rf4 (27. Re3 Ng4) 27... Re8 28. h4 Rge5 29. Rg1 Kh8 (29... Re1 30.
Rxf6 Rxg1+ 31. Kxg1 gxf6 32. Qg6+ Kf8 33. Qxf6 $13) 30. Qxa4 Qc8 31. Bf1 Re1 $6
(31... Qe6 $14) 32. Rxf6 Rxf1 (32... gxf6 33. Qf4 Kh7 34. Bd3+ $18) 33. Rxh6+
$1 Kg8 (33... gxh6 34. Qd4+ $18) 34. Rxf1 Qh3+ 35. Kg1 Qxf3 (35... gxh6 36.
Qg4+ Qxg4+ 37. fxg4 $18) 36. b6 Rb8 37. Rd6 1-0

[Event "Tilburg"]
[Site "Tilburg"]
[Date "1994.??.??"]
[Round "2"]
[White "Olafsson, Helgi"]
[Black "Lputian, Smbat G"]
[Result "1/2-1/2"]
[WhiteElo "2520"]
[BlackElo "2590"]
[Annotator "Ftacnik,L"]
[PlyCount "96"]
[EventDate "1994.09.??"]
[EventType "k.o."]
[EventRounds "7"]
[EventCountry "NED"]
[SourceTitle "CBM 044"]
[Source "ChessBase"]
[SourceDate "1995.02.01"]
[SourceVersion "1"]
[SourceVersionDate "1995.02.01"]
[SourceQuality "1"]

1. c4 e6 2. Nc3 d5 3. d4 Be7 4. Nf3 Nf6 5. Bg5 h6 6. Bh4 O-O 7. e3 b6 8. Be2
Bb7 9. Bxf6 Bxf6 10. cxd5 exd5 11. O-O Re8 12. b4 c6 13. Qb3 a5 14. bxa5 (14.
b5 c5 15. Rad1 $5) 14... Rxa5 15. Rab1 Nd7 16. Rfe1 (16. Rfd1) 16... Be7 (16...
Qa8 $6 17. a4 Ba6 18. Bxa6 Rxa6 19. e4 dxe4 20. Nxe4 Rf8 $1 21. Nd6 Qb8 22. Qc4
b5 23. axb5 cxb5 24. Rxb5 Qxd6 25. Rd5 $16) 17. a4 Bd6 18. Bd3 (18. e4 $5 dxe4
(18... c5 $6 19. exd5 cxd4 20. Nxd4 Bxh2+ 21. Kxh2 Qh4+ 22. Kg1 Qxd4 23. Bb5
$16) 19. Bc4 Rf8 $1 20. Nxe4 Be7 21. Rbd1 Qa8 $13) 18... Bc7 19. Qc2 (19. e4 $5
) 19... Nf6 20. Rb3 Bc8 21. Reb1 Qd6 22. h3 (22. g3 Ba6 $13) 22... Bd7 23. R3b2
Re7 24. Rc1 g6 25. Nb5 $1 cxb5 26. Qxc7 Qxc7 (26... Qa3 27. Rbc2 $16) 27. Rxc7
bxa4 28. Rxb6 a3 (28... Re6 29. Rb1 $13) 29. Bb1 (29. Rxf6 a2 30. Rc1 a1=Q 31.
Rxa1 Rxa1+ 32. Kh2 $15) 29... Re6 30. Rb8+ Re8 31. Rxe8+ Bxe8 32. Ba2 Ne4 (
32... Bd7 33. Ne5 Be6 34. f3 h5 $10) 33. Ne5 f6 $2 34. Nd3 (34. Ng4 $5 h5 35.
f3 hxg4 36. fxe4 gxh3 37. exd5 Bf7 38. d6 (38. Rc5 Rxc5 39. dxc5 Kf8 $10) (38.
e4 Ra4 39. e5 fxe5 40. dxe5 Rg4 $1) 38... Bxa2 39. d7 Rd5 40. Rc8+ Kf7 41. d8=Q
Rxd8 42. Rxd8 hxg2 43. Kxg2 g5 44. e4 $14) 34... Bf7 35. Kf1 g5 36. Ke2 Kf8 37.
Kd1 Be8 38. f3 Nd6 39. Rc5 $6 (39. Nc5 Bb5 40. Ne6+ Kg8 $13) 39... Rxc5 40.
Nxc5 (40. dxc5 Nb5 $15) 40... Bc6 (40... Bb5 $5 41. Bxd5 Bc4 42. Bxc4 Nxc4 43.
Ke2 a2 44. Nb3 $13) 41. Kd2 h5 42. Nd3 Bb5 43. Nb4 (43. Bxd5 $4 Bc4 $1 $19)
43... Nc4+ 44. Kc3 $1 (44. Ke2 Nb6+ $17) 44... Nxe3 45. Nxd5 Nxg2 46. Nxf6 Nf4
47. Nh7+ Ke7 48. Nxg5 h4 1/2-1/2

[Event "Biel"]
[Site "Biel"]
[Date "1992.??.??"]
[Round "1"]
[White "Hansen, Curt"]
[Black "Georgiev, Kiril"]
[Result "0-1"]
[WhiteElo "2635"]
[BlackElo "2610"]
[Annotator "Ftacnik,L"]
[PlyCount "72"]
[EventDate "1992.07.??"]
[EventType "tourn"]
[EventRounds "14"]
[EventCountry "SUI"]
[EventCategory "16"]
[SourceTitle "CBM 031"]
[Source "ChessBase"]
[SourceDate "1992.12.01"]
[SourceVersion "1"]
[SourceVersionDate "1992.12.01"]
[SourceQuality "1"]

1. c4 Nf6 2. Nc3 e6 3. Nf3 d5 4. d4 Be7 5. Bg5 h6 6. Bh4 O-O 7. e3 b6 8. Bd3
dxc4 9. Bxc4 Bb7 10. O-O Nbd7 11. Qe2 a6 (11... c5 12. Rfd1 Ne4 13. Bg3 Nxg3
14. hxg3 Qc7 15. Rac1 Rad8 16. Ba6 Qc8 17. Bxb7 Qxb7 18. dxc5 Nxc5 $10 {
Tatai,S-Campora,D/Dubai ol/1986/}) 12. Rad1 {N} (12. Rfd1 b5 13. Bd3 (13. Bb3
c5 14. dxc5 Qc7 15. c6 Qxc6 16. e4 Bb4 17. Nd4 Qb6 18. e5 Bxc3 19. bxc3 Nd5 20.
Bxd5 Bxd5 21. Nf5 exf5 22. Rxd5 {Larsen,B-Tisdall,J/Espoo zt/1989/} Qc6 $5 $10)
13... Nd5 14. Bxe7 Qxe7 15. Nxd5 Bxd5 16. e4 Bb7 17. a4 b4 18. a5 c5 19. Rac1
cxd4 20. Nxd4 Ne5 21. Bb1 Rfc8 $10 {Nikolic,Pr-Georgiev,Kir/Brussels SWIFT/
1992/}) 12... b5 13. Bd3 Nd5 14. Bxe7 Qxe7 15. Nxd5 Bxd5 16. e4 Bb7 17. e5 (17.
a4 bxa4 18. Qc2 c5 $10) 17... c5 18. Be4 (18. dxc5 Nxc5 (18... Bxf3 19. Qxf3
Qxc5 20. Bh7+ Kxh7 21. Rxd7 Qxe5 22. Rxf7 Rxf7 23. Qxf7 Qxb2 24. Qxe6 $10) 19.
Bb1 Rfd8 $10) 18... Bxe4 19. Qxe4 c4 20. d5 exd5 (20... Nc5 21. d6 Nxe4 22.
dxe7 Rfe8 23. Rd7 f5 $13) 21. Qxd5 Nc5 22. Qd6 Rfe8 23. Rd5 Nd3 (23... Na4 24.
b3 cxb3 25. axb3 $10) 24. b3 Rac8 25. bxc4 bxc4 26. g3 $6 (26. Qxa6 $2 Nb4 $19)
(26. Qxe7 Rxe7 27. Rd6 $15) 26... Qb7 27. Kg2 $2 Rcd8 28. Qxd8 Rxd8 29. Rxd8+
Kh7 30. Rd1 (30. Re8 c3 $19) 30... Nxe5 31. R1d5 Nxf3 32. Kxf3 c3 33. R8d7 Qc6
34. R7d6 Qc4 35. Rd4 (35. Rd1 c2 36. Rc1 Qc3+ 37. Kg2 Qb2 $19) 35... Qc8 36.
Rd8 Qc6+ {Ftacnik,L} 0-1

[Event "WchT 2nd"]
[Site "Luzern"]
[Date "1989.??.??"]
[Round "1.1"]
[White "Ljubojevic, Ljubomir"]
[Black "Short, Nigel D"]
[Result "1/2-1/2"]
[WhiteElo "2635"]
[BlackElo "2660"]
[Annotator "Ftacnik,L"]
[PlyCount "43"]
[EventDate "1989.10.27"]
[EventType "team-tourn"]
[EventRounds "9"]
[EventCountry "SUI"]
[SourceTitle "CBM 016"]
[Source "ChessBase"]
[SourceDate "1990.06.01"]
[SourceVersion "1"]
[SourceVersionDate "1990.06.01"]
[SourceQuality "1"]
[WhiteTeam "Yugoslavia"]
[BlackTeam "England"]
[WhiteTeamCountry "YUG"]
[BlackTeamCountry "ENG"]

1. c4 e6 2. Nc3 d5 3. d4 Nf6 4. Bg5 Be7 5. e3 h6 6. Bh4 O-O 7. Nf3 b6 8. Rc1
Bb7 9. Bxf6 Bxf6 10. cxd5 exd5 11. Bd3 c5 12. O-O cxd4 13. exd4 Nc6 14. Bb1 Re8
15. Qd3 g6 16. a3 (16. Rfe1 Qd6 17. a3 Rxe1+ 18. Rxe1 Rd8 19. Ba2 Ne7 20. Ne5
$14 {Karpov,A-Portisch,L/Skelleftea WCup/1989/1/4-1/4/56/ -> CBM 14}) 16... Na5
$5 17. Ba2 Kg7 18. b4 Nc4 19. Nxd5 Bxd5 20. Bxc4 Be4 $1 21. Qb3 Re7 22. Ba6 {
Ftacnik} 1/2-1/2

[Event "YUG-chT"]
[Site "Tivat"]
[Date "1995.??.??"]
[Round "1"]
[White "Maksimenko, Andrei"]
[Black "Beliavsky, Alexander G"]
[Result "1/2-1/2"]
[WhiteElo "2550"]
[BlackElo "2650"]
[Annotator "Gagarin,V"]
[PlyCount "84"]
[EventDate "1995.??.??"]
[EventType "team-swiss"]
[EventRounds "11"]
[EventCountry "YUG"]
[SourceTitle "CBM 048 Extra"]
[Source "ChessBase"]
[SourceDate "1995.11.01"]
[SourceVersion "1"]
[SourceVersionDate "1995.11.01"]
[SourceQuality "1"]

1. Nf3 d5 2. c4 e6 3. d4 Nf6 4. Nc3 Be7 5. Bg5 h6 6. Bh4 O-O 7. e3 b6 8. Be2
Bb7 9. Bxf6 Bxf6 10. cxd5 exd5 11. b4 c6 12. O-O a5 (12... Qd6 $14) 13. bxa5 (
13. a3) (13. b5) 13... Rxa5 14. a4 (14. Qb3 Bc8 $1 15. Na4 $5 Ba6 16. Bxa6 Nxa6
$1 17. Rac1 (17. Rab1 $6 b5 18. Nb2 c5 19. dxc5 Nxc5 20. Qb4 Ne4 $15 {Hulak,
B-Lutz,Ch/Wijk aan Zee/1995/0:1/26/}) 17... c5 {Siegel,G-Lutz,Ch/GER/1994/0:1/
28/} 18. Nc3 Nb4 19. Rfd1 Qa8 20. a4 Rd8 {Lutz/}) (14. Rb1 c5 15. Qb3 cxd4 16.
exd4 Nd7 17. Bb5 $14 {Lobron,E-Van Der Sterren,P/Wijk aan Zee/1993/1:0/1993/})
14... Bc8 $1 (14... c5 15. Qb3 c4 16. Qb2 Nd7 17. Rfb1 Bc6 $10 {Lukacs,
P-Abramovic,B/Belgrade/1984/0,5/40/}) 15. Qc2 Be6 16. Rab1 $146 (16. Rfc1 Qe7
17. Nd2 $6 c5 18. Nb3 cxd4 $1 {NIkolic,P-Beliavsky,A/Tilburg/0:1/64/} 19. Nxd4
Rc5 $10 {Beliavsky/}) 16... Nd7 17. Rfe1 Qc7 18. Bd3 Raa8 19. e4 (19. Rec1 Rfc8
20. Nb5 Qb8 (20... cxb5 21. Qxc7 Rxc7 22. Rxc7 bxa4 23. Bb5 Nf8 24. Ra1 (24.
Rb7 $5 Bd8 25. Ne5 a3 $13) 24... a3 $13) 21. Nc3 Qc7 22. Nb5 $10) 19... dxe4
20. Nxe4 (20. Bxe4 Rac8 (20... Rfc8 21. Nb5 Qb8 (21... Qf4 22. g3 $1) 22. Na3
$5 {/\ Nc4/} (22. Bxc6 $2 Bd5 $17)) 21. Ne2 Qd6 22. Rbc1 Bd5 $15) 20... Bd5 21.
Bc4 (21. Nxf6+ Nxf6 22. Ne5 Rfd8 $10 {/\ Rd6/}) 21... Rfc8 (21... Bxc4 22. Qxc4
Rfc8 23. Nxf6+ Nxf6 24. Ne5 $14) 22. Bxd5 (22. Nxf6+ Nxf6 23. Ne5 Qb7 $10 {
/\ b5/}) 22... cxd5 23. Nxf6+ Nxf6 24. Qxc7 Rxc7 25. Rxb6 Rxa4 26. Rb2 $10 (26.
Rb8+ Kh7 27. Rb2 $10) 26... Ne4 27. h3 f6 28. g3 Kf7 29. Kg2 g5 30. g4 Kg6 31.
h4 Rac4 32. hxg5 hxg5 33. Ra1 Rc2 34. Raa2 Rxb2 35. Rxb2 Rc4 36. Kf1 Kf7 37.
Ke2 Ke6 38. Ke3 Rc3+ 39. Ke2 Ra3 40. Ne1 Ra4 41. Nc2 Kd6 42. Rb6+ Kd7 1/2-1/2

[Event "Orel"]
[Site "Orel"]
[Date "1994.??.??"]
[Round "4"]
[White "Kiselev, Sergey"]
[Black "Pushkov, Nikolai"]
[Result "1-0"]
[WhiteElo "2465"]
[BlackElo "2510"]
[Annotator "Gagarin,V"]
[PlyCount "81"]
[EventDate "1994.??.??"]
[EventType "tourn"]
[EventRounds "11"]
[EventCountry "RUS"]
[EventCategory "8"]
[SourceTitle "CBM 042"]
[Source "ChessBase"]
[SourceDate "1994.10.01"]
[SourceVersion "1"]
[SourceVersionDate "1994.10.01"]
[SourceQuality "1"]

1. d4 d5 2. c4 e6 3. Nc3 Be7 4. Nf3 Nf6 5. Bg5 h6 6. Bh4 O-O 7. e3 b6 8. Bd3 (
8. Be2 Bb7 9. Bxf6 Bxf6 10. cxd5 exd5 11. b4 c5 12. bxc5 bxc5 13. Rb1 Bc6 (
13... Qa5 14. Qd2 cxd4 15. Nxd4 Bxd4 16. exd4 Bc6 17. Nb5 Qd8 18. O-O $14 {
Kasparov,G-Karpov,A/Moscow (wm/40)/1984/0,5 (70)}) 14. O-O Nd7 15. Bb5 Qc7 16.
Qc2 (16. Qd3 Rab8 17. Bxc6 Qxc6 18. Rxb8 Rxb8 19. dxc5 Bxc3 20. Qxc3 Qxc5 $10 {
Karpov,A-Kasparov,G/Moscow (wm/8)/1985/0,5 (49)}) 16... Rfc8 (16... Rfd8 17.
Rfc1 Rab8 18. a4 Qd6 19. dxc5 Nxc5 20. Bxc6 Qxc6 21. Nb5 Be7 22. Nxa7 (22. Qf5
Qe8 23. Ne5 Rb7 24. Nd4 Rc7 25. Nb5 Rb7 $10 {Kasparov,G-Karpov,A/Moscow (wm/38)
/1984/0,5 (25)}) 22... Qa6 23. Nb5 Qxa4 24. Qxa4 Nxa4 25. Nfd4 $14 {Karpov,
A-Kasparov,G/Moscow (wm/39)/1984/0,5 (48)}) 17. Rfc1 Bxb5 18. Nxb5 Qc6 19. dxc5
Nxc5 20. Qf5 Qe6 21. Nfd4 Qxf5 22. Nxf5 Ne6 $10 {Kasparov,G-Karpov,A/Moscow 
(wm/42)/1984/0,5 (26)}) 8... Bb7 (8... dxc4 $5 9. Bxc4 Bb7) 9. Bxf6 $5 (9. O-O
Nbd7 10. Qe2 c5) 9... Bxf6 10. cxd5 exd5 11. b4 c5 (11... c6 12. O-O Qd6 13.
Qb3 $14) 12. bxc5 bxc5 13. Rb1 Qa5 (13... Bc6 14. O-O Nd7 15. Bb5 {- 8.Be2})
14. Qd2 cxd4 15. exd4 $5 (15. Nxd4 Bxd4 16. exd4 Bc6 (16... Ba6 17. O-O $14) (
16... Re8+ 17. Ne2 Qxd2+ 18. Kxd2 Ba6 19. Rhc1 $14) 17. O-O Nd7 18. Rfc1 $14)
15... Re8+ $6 (15... Bc6 $5 16. O-O $14) (15... Ba6 $5 16. O-O $14) 16. Ne2
Qxd2+ $6 (16... Qc7 17. O-O $14 {/\ Rfc1}) 17. Kxd2 $16 Ba6 18. Rhc1 $1 (18.
Rxb8 $2 Raxb8 19. Bxa6 Rb2+ 20. Kd1 Rxa2 $13) 18... Bxd3 19. Kxd3 Nd7 20. Rc7
$1 (20. Rb7 Nf8 $5 (20... Nb6 21. Rcc7 $18) 21. Rcc7 Ne6 22. Rd7 (22. Rxf7 $4
Nd8) 22... Bxd4 $5 23. Nexd4 Nc5+ 24. Kd2 Nxb7 25. Rxb7 Reb8 $14) 20... Nb6 (
20... Nf8 21. g3 Ne6 22. Rd7 $16 {>< d5,a7}) 21. Nc3 {/\ Rb5-a5, /\ a4-a5 ><
d5,a7} Rec8 22. Rxc8+ Rxc8 23. Rb5 Be7 $1 24. a4 $1 (24. Nxd5 $2 Nxd5 25. Rxd5
Bb4 $1 $14 {/\ Rc3}) 24... Bd8 25. Ra5 Rc7 26. Nxd5 Rd7 27. Nc3 $18 f6 28. Ra6
Kf8 29. Nd2 f5 30. a5 Nc8 31. Rc6 Rc7 32. Ra6 Rd7 33. Nb5 Ke8 34. Nc4 Be7 35.
Rc6 Kd8 36. Ne5 Rb7 37. Kc4 Bf8 38. d5 Re7 39. f4 g5 40. d6 Rg7 41. Nd4 1-0

[Event "Bagneux Librairie Saint Germain"]
[Site "Bagneux"]
[Date "1982.07.??"]
[Round "11"]
[White "Gheorghiu, Florin"]
[Black "Petrosian, Arshak B"]
[Result "1-0"]
[WhiteElo "2550"]
[BlackElo "2485"]
[Annotator "Gheorghiu,F/Primel,D"]
[PlyCount "71"]
[EventDate "1982.06.30"]
[EventType "tourn"]
[EventRounds "13"]
[EventCountry "FRA"]
[EventCategory "8"]
[SourceTitle "EXT 2000"]
[Source "ChessBase"]
[SourceDate "1999.11.16"]
[SourceVersion "1"]
[SourceVersionDate "1999.11.16"]
[SourceQuality "1"]

1. d4 d5 2. c4 e6 3. Nc3 Be7 4. Nf3 Nf6 5. Bg5 h6 6. Bh4 O-O 7. e3 b6 8. Bd3 (
8. cxd5) 8... Bb7 9. O-O Nbd7 10. Qe2 c5 11. Rfd1 cxd4 12. Nxd4 $5 (12. exd4 a6
13. a4 Nh5 14. Bg3 Nxg3 15. hxg3 Nf6 16. Ne5 dxc4 17. Nxc4 b5 18. axb5 axb5 19.
Nxb5 Rxa1 20. Rxa1 Bc6 21. Ne5 Bxb5 22. Bxb5 Qxd4 23. Nc6 Qd6 24. Rd1 Qc7 25.
Nxe7+ Qxe7 26. Bc4 h5 27. Qd2 Rb8 28. b3 Ng4 29. Qd4 Qa3 30. Be2 Nf6 31. Bc4
Ra8 32. f3 Qa5 33. Qe3 g6 34. Qd2 Qc7 35. Qd6 Qb7 36. Kh2 Kg7 37. Qe5 Ra2 38.
Kh3 Qa7 39. Qd4 Qc7 40. Rd2 Ra7 41. Re2 Qa5 {Gheorghiu,F (2605)-Beliavsky,A 
(2590) Baden bei Wien 1980 0-1 (88)}) 12... Ne5 13. Bxf6 Bxf6 14. cxd5 Nxd3 15.
Qxd3 Bxd5 16. Qe2 $146 (16. Qa6 Qd7 (16... Qc8 $1 17. Nxd5 exd5 18. Rac1 {
Gheorghiu (Revista Romana de Sah 09/1982)}) 17. Nxd5 Qxd5 18. Rac1 Rfd8 19. Rd2
{Larsen,B (2585)-Geller,E (2565) Lone Pine op 1980 (7) 1/2}) 16... Rc8 17. Ndb5
Rc5 18. Nxd5 exd5 19. Rd2 Qd7 20. Nd4 $14 {[%csl Gd4,Rd5]} Rfc8 21. Rad1 Qa4
22. b3 Qa5 23. g3 Rc1 24. Kg2 Rxd1 25. Rxd1 Rc5 26. h4 Qb4 27. h5 Rc7 28. Qf3
Rc5 29. Qf5 Qa3 30. Qd7 $1 Kf8 $6 (30... Qxa2 31. Qe8+ Kh7 32. Qxf7) 31. Nb5
Qb4 32. Nd6 Kg8 33. Qxf7+ Kh7 34. Rxd5 Rc2 35. Qg6+ Kh8 36. Qxc2 1-0

[Event "Interpolis-03"]
[Site "Tilburg"]
[Date "1979.11.06"]
[Round "5"]
[White "Timman, Jan H"]
[Black "Huebner, Robert"]
[Result "1/2-1/2"]
[WhiteElo "2625"]
[BlackElo "2595"]
[Annotator "Gligoric,S"]
[PlyCount "65"]
[EventDate "1979.11.01"]
[EventType "tourn"]
[EventRounds "11"]
[EventCountry "NED"]
[EventCategory "15"]
[SourceTitle "MCL"]
[Source "ChessBase"]
[SourceDate "1999.07.01"]
[SourceVersion "1"]
[SourceVersionDate "1999.07.01"]
[SourceQuality "1"]

1. d4 Nf6 2. c4 e6 3. Nc3 d5 4. Bg5 Be7 5. e3 O-O 6. Nf3 h6 7. Bh4 b6 8. Rc1
Bb7 9. Bxf6 Bxf6 10. cxd5 exd5 11. b4 {Korchnoi-Spassky/Belgrad/1977} c5 $1 (
11... c6 $143) 12. bxc5 bxc5 13. dxc5 Nd7 14. Nb5 Rc8 $1 15. Nd6 Rxc5 16. Nxb7
Rxc1 17. Qxc1 Qb6 18. Bd3 Qb4+ 19. Ke2 Qxb7 20. Qb1 Rb8 21. Qxb7 Rxb7 22. Rc1
Kf8 $14 23. a4 Ke7 24. Bb5 Nb8 25. Nd2 {/\Sb3-a5(c5)} a6 26. Bd3 Rb4 27. e4
Rxa4 (27... dxe4 28. Nxe4 {/\29.Tc7}) 28. exd5 Rd4 29. Rc7+ Nd7 30. Bxa6 Rxd5
31. Bc4 Re5+ 32. Kf1 Rc5 33. Rxc5 1/2-1/2

[Event "Hoogovens op"]
[Site "Wijk aan Zee"]
[Date "1993.01.??"]
[Round "4"]
[White "Gurevich, Mikhail"]
[Black "Van der Sterren, Paul"]
[Result "1/2-1/2"]
[WhiteElo "2610"]
[BlackElo "2490"]
[Annotator "Gurevich,M"]
[PlyCount "51"]
[EventDate "1993.01.??"]
[EventType "swiss"]
[EventRounds "12"]
[EventCountry "NED"]
[SourceTitle "CBM 034"]
[Source "ChessBase"]
[SourceDate "1993.06.01"]
[SourceVersion "1"]
[SourceVersionDate "1993.06.01"]
[SourceQuality "1"]

1. d4 Nf6 2. c4 e6 3. Nc3 d5 4. Bg5 Be7 5. e3 O-O 6. Nf3 h6 7. Bh4 b6 8. Be2
Bb7 9. Bxf6 Bxf6 10. cxd5 exd5 11. b4 c6 12. O-O Re8 13. Qb3 a5 14. bxa5 $5 (
14. b5 {Timman,J-Short,N/Madrid m-1; m-3/1993/}) 14... Rxa5 (14... b5 $6 15. a4
Qxa5 16. Rab1 $1 $16) 15. a4 Nd7 16. Rfe1 $5 {/\ 17.e4 dxe4 18.Bc4|^} Ba6 $1
17. Bxa6 Rxa6 18. Rad1 Ra5 19. e4 dxe4 20. Nxe4 Re6 $5 21. Re3 Rd5 22. Nxf6+
Qxf6 23. Rxe6 Qxe6 24. Re1 Re5 $1 $10 25. Qxe6 Rxe6 26. Ra1 1/2-1/2

[Event "Groningen"]
[Site "Groningen"]
[Date "1992.??.??"]
[Round "1"]
[White "Gurevich, Mikhail"]
[Black "Klovans, Janis"]
[Result "1-0"]
[WhiteElo "2625"]
[BlackElo "2470"]
[Annotator "Gurevich,M"]
[PlyCount "75"]
[EventDate "1992.12.??"]
[EventType "tourn"]
[EventRounds "9"]
[EventCountry "NED"]
[EventCategory "14"]
[SourceTitle "CBM 034"]
[Source "ChessBase"]
[SourceDate "1993.06.01"]
[SourceVersion "1"]
[SourceVersionDate "1993.06.01"]
[SourceQuality "1"]

1. d4 d5 2. c4 e6 3. Nc3 Nf6 4. Bg5 Be7 5. Nf3 O-O 6. e3 h6 7. Bh4 b6 8. Be2
Bb7 9. Bxf6 Bxf6 10. cxd5 exd5 11. b4 Re8 12. Qb3 c6 13. O-O Na6 {/\ Na6-c7-e6}
14. b5 $5 Nc7 15. bxc6 Bxc6 16. a4 Qd7 (16... Ne6 $6 17. Bb5 $16 {>< d5}) 17.
Rfc1 Rec8 18. h3 $1 {/\ Nf3-e1-d3-b4, Be2-g4, ><d5} Rab8 19. Ne1 Be7 20. Nd3
Bd6 21. Bg4 f5 22. Bf3 $16 Kh8 23. Qa2 (23. Nxd5 $2 Bxd5 24. Bxd5 Nxd5 25. Qxd5
Bh2+ $19) 23... Bb7 24. Rd1 $5 {/\ 25.Ne5} Qe6 25. g3 Rd8 26. Re1 $5 {/\ 27.Nf4
} g5 27. Qb2 Re8 28. Rec1 $2 (28. Bg2 {/\ 29.f4, 30.Ne5+/-}) 28... Qf6 $2 $138
(28... Bxg3 $1 29. Bh5 $1 (29. fxg3 Qxe3+ $17) 29... Bd6 (29... Re7 30. fxg3
Qxe3+ 31. Nf2 Qxg3+ 32. Kf1 g4 $5 $132) 30. Bxe8 Rxe8 $132) 29. Nb5 $16 Nxb5
30. axb5 f4 31. exf4 gxf4 32. g4 Ra8 33. Re1 Re4 $5 34. Ne5 (34. Bxe4 $6 dxe4
35. Ne5 Bd5 $132) 34... Bxe5 35. dxe5 Rxe1+ 36. Rxe1 $18 Qe6 37. Qd4 Rf8 38.
Ra1 1-0